原神 この神は誰? - Statistics

General Stats
  • This quiz has been taken 187 times
  • The average score is 8 of 12
Answer Stats
Hint Answer % Correct
問1.魔神名「モラクス」。この神は? 鍾離
93%
問2.スメールの神様は? ナヒーダ
92%
問3.両手剣を扱うのは? マーヴィカ
89%
問6.「グロシ」。誰のセリフ? フリーナ
82%
問5.最も年齢が高いのは? 鍾離
79%
問7.猫アレルギーなのは? ウェンティ
75%
問4.CVを沢城みゆきが演じるのは? 雷電将軍
74%
問8.命の星座「天下人座」。これは誰? 雷電将軍
65%
問10.2問目の答えって誰だっけ? ナヒーダ
45%
問11.Ver5.4までの祈願PU回数が最も多いのは? 鍾離
33%
問9.元素爆発の必要エネルギーが50なのは? ナヒーダ
32%
問12.英語名をアルファベット順に並べたとき最初に来るのは? フリーナ
19%
No matching quizzes found
Score Distribution
Percent of People with Each Score
Percentile by Number Answered
Your Score History
You have not taken this quiz